000 00252nam a2200097Ia 4500
005 20251222114359.0
008 251222s1900||||xx |||||||||||||| ||spa||
082 _aDVD0099/R16/2014/T.4
245 0 _aLa Primera Guerra Mundial cumple 100 aƱos:
942 _cDVD
999 _c1577
_d1577